| 000 | 00702nam a2200205Ii 4500 | ||
|---|---|---|---|
| 003 | JO-AjNU | ||
| 008 | 230605s9999||||xx |||||||||||||| ||und|| | ||
| 017 | _a2005/3/672 | ||
| 040 |
_aJO-AjNU _bara _erda _cJO-AjNU |
||
| 041 | _aara | ||
| 050 | 1 | 4 | _aPJ7824.A56.Z75 2005 |
| 100 | 3 |
_aتأليف الكيلاني، مصطفى, _eauthor _949012 |
|
| 245 | 0 | 0 | _aفتنة الغياب: إلياس فركوح وإبداعية ((النص المتعددة)) |
| 264 | 3 | 1 | _aعمان:أمانة عمان الكبرى،2005 |
| 300 | _a173ص | ||
| 336 |
_atext _btxt _2rdacontent |
||
| 337 |
_aunmediated _bn _2rdamedia |
||
| 338 |
_avolume _bnc _2rdacarrier |
||
| 650 | 4 |
_aالأدب العربي - قصص _949013 |
|
| 999 |
_aA21501 _c25069 _d25069 |
||